000 00549nam a22001937a 4500
003 KOHA_MİRAKIL
005 20250429173800.0
008 250429b tu ||||| |||| 00| 0 tur d
020 _a9789750818813
040 _aTR-AnABB
_btur
_cTR-AnABB
041 _atur
082 _a811.42
_bOZD 2024
100 _aÖzdemir Asaf,
_d1923-1981
245 1 0 _aBenden sonra mutluluk /
_cÖzdemir Asaf
260 _aİstanbul :
_bYapı Kredi Yayınları,
_c2024
300 _a278 sayfa ;
_c20 cm
650 0 4 _aTürk edebiyatı, roman
942 _2ddc
_cBK
999 _c8873
_d8873
900 _bGizem YORULMAZ